Nastupujúce trendy športovej diplomacie v 21. storočí bakalárska práca

Gespeichert in:
Bibliographische Detailangaben
1. Verfasser: Capová, Martina
Körperschaft: Fakulta medzinárodných vzťahov EU. Katedra medzinárodných ekonomických vzťahov a hospodárskej diplomacie
Weitere Verfasser: Černota, Mikuláš, 1979-
Format: Buch
Sprache:Slowakisch
Veröffentlicht: Bratislava 2022
Tags: Tag hinzufügen
Keine Tags, Fügen Sie das erste Tag hinzu!

MARC

LEADER 00000nbm a2200000 4500
001 0285211
005 20230403102833.3
041 0 |a slo 
044 |a SK 
245 1 0 |a Nastupujúce trendy športovej diplomacie v 21. storočí  |b bakalárska práca  |c Martina Capová ; školiteľ: Mikuláš Černota 
264 1 |a Bratislava  |c 2022 
300 |a 63 s. 
100 1 |a Capová, Martina 
700 1 |a Černota, Mikuláš, 1979- 
710 2 |a Fakulta medzinárodných vzťahov EU. Katedra medzinárodných ekonomických vzťahov a hospodárskej diplomacie